000
00349nam a2200145Ia 4500
008
090124s9999 xx 000 0 und d
082
_b
32800
245
_a
खिडक्या
250
_a
0
260
_b
सानिया
_c
2004
300
_a
191
630
_a
खिडक्या
730
_a
खिडक्या
942
_c
BOOK
999
_c
180032
_d
180032